<?xml version="1.0" encoding="UTF-8"?>
<record
    xmlns:xsi="http://www.w3.org/2001/XMLSchema-instance"
    xsi:schemaLocation="http://www.loc.gov/MARC21/slim http://www.loc.gov/standards/marcxml/schema/MARC21slim.xsd"
    xmlns="http://www.loc.gov/MARC21/slim">

  <leader>01553nka a2200337 i 4500</leader>
  <controlfield tag="001">102971</controlfield>
  <controlfield tag="003">ES-MaACL</controlfield>
  <controlfield tag="005">20250821012008.0</controlfield>
  <controlfield tag="007">t|</controlfield>
  <controlfield tag="008">051222e1797    sp f   |     |r||1c|spa d</controlfield>
  <datafield tag="100" ind1="1" ind2=" ">
    <subfield code="a">Tri&#xE8;re, Philippe,</subfield>
    <subfield code="d">1756-ca. 1815</subfield>
    <subfield code="e">egr</subfield>
    <subfield code="9">111398</subfield>
  </datafield>
  <datafield tag="245" ind1="1" ind2="0">
    <subfield code="a">San Pablo, primer ermita&#xF1;o</subfield>
    <subfield code="h">[Material gr&#xE1;fico] / </subfield>
    <subfield code="c">Josep Rivera pinx ; Phi Triere sculp. 1797</subfield>
  </datafield>
  <datafield tag="260" ind1=" " ind2=" ">
    <subfield code="a">Madrid : </subfield>
    <subfield code="b">Se hallar&#xE1; en la Calcograf&#xED;a de la Imprenta Real, </subfield>
    <subfield code="c">1797</subfield>
  </datafield>
  <datafield tag="300" ind1=" " ind2=" ">
    <subfield code="a">1 estampa : </subfield>
    <subfield code="b">grabado calcogr&#xE1;fico ; </subfield>
    <subfield code="c">459 x 397 mm</subfield>
  </datafield>
  <datafield tag="490" ind1="1" ind2=" ">
    <subfield code="a">Colecci&#xF3;n facticia de grabados ;</subfield>
    <subfield code="v">24</subfield>
    <subfield code="9">184692</subfield>
  </datafield>
  <datafield tag="500" ind1=" " ind2=" ">
    <subfield code="a">Inscripci&#xF3;n: "San Pablo, primer ermita&#xF1;o, de Rivera: tiene cinco pies de alto por cinco de ancho, se ha trasladado del Real Palacio al Museo de Madrid"</subfield>
  </datafield>
  <datafield tag="530" ind1=" " ind2=" ">
    <subfield code="a">Disponible en formato digital </subfield>
  </datafield>
  <datafield tag="594" ind1=" " ind2=" ">
    <subfield code="5">T&#xED;tulo del cuadro de Ribera: "San Pablo Ermita&#xF1;o"</subfield>
  </datafield>
  <datafield tag="600" ind1="0" ind2="4">
    <subfield code="a">Pablo de Tebas,</subfield>
    <subfield code="c">Santo</subfield>
    <subfield code="9">88090</subfield>
  </datafield>
  <datafield tag="655" ind1=" " ind2="7">
    <subfield code="a">Grabados calcogr&#xE1;ficos</subfield>
    <subfield code="2">tgfbne</subfield>
    <subfield code="9">241761</subfield>
  </datafield>
  <datafield tag="655" ind1=" " ind2="7">
    <subfield code="a">Grabados</subfield>
    <subfield code="2">tgfbne</subfield>
    <subfield code="9">226846</subfield>
  </datafield>
  <datafield tag="655" ind1=" " ind2="4">
    <subfield code="a">Reproducciones de obras de arte</subfield>
    <subfield code="9">241931</subfield>
  </datafield>
  <datafield tag="700" ind1="1" ind2=" ">
    <subfield code="a">Ribera, Jos&#xE9; de, </subfield>
    <subfield code="d">1591-1652</subfield>
    <subfield code="e">art</subfield>
    <subfield code="9">96775</subfield>
  </datafield>
  <datafield tag="710" ind1="2" ind2=" ">
    <subfield code="a">Calcograf&#xED;a de la Imprenta Real</subfield>
    <subfield code="e">edt</subfield>
    <subfield code="9">241806</subfield>
  </datafield>
  <datafield tag="830" ind1=" " ind2="0">
    <subfield code="a">Colecci&#xF3;n facticia de grabados ;</subfield>
    <subfield code="v">24</subfield>
    <subfield code="9">184692</subfield>
  </datafield>
  <datafield tag="852" ind1="4" ind2=" ">
    <subfield code="a">ES-MaACL</subfield>
    <subfield code="c">DEPO2</subfield>
    <subfield code="j">GF-2(24)</subfield>
  </datafield>
  <datafield tag="856" ind1="4" ind2=" ">
    <subfield code="u">https://bibliotecavirtual.larioja.org/bvrioja/es/consulta/registro.do?id=2046</subfield>
    <subfield code="y">Versi&#xF3;n en l&#xED;nea </subfield>
    <subfield code="z">(Biblioteca Virtual de La Rioja)</subfield>
  </datafield>
  <datafield tag="942" ind1=" " ind2=" ">
    <subfield code="2">udc</subfield>
    <subfield code="c">DIBGRB</subfield>
    <subfield code="n">0</subfield>
  </datafield>
  <datafield tag="999" ind1=" " ind2=" ">
    <subfield code="c">102971</subfield>
    <subfield code="d">102971</subfield>
  </datafield>
  <datafield tag="952" ind1=" " ind2=" ">
    <subfield code="0">0</subfield>
    <subfield code="1">0</subfield>
    <subfield code="2">udc</subfield>
    <subfield code="4">0</subfield>
    <subfield code="7">0</subfield>
    <subfield code="8">Colecci&#xF3;n_digital</subfield>
    <subfield code="a">ATENEOM</subfield>
    <subfield code="b">ATENEOM</subfield>
    <subfield code="c">DEPO2</subfield>
    <subfield code="d">2008-01-17</subfield>
    <subfield code="l">0</subfield>
    <subfield code="o">GF-2(24)</subfield>
    <subfield code="p">1107514</subfield>
    <subfield code="r">2023-02-23 00:00:00</subfield>
    <subfield code="y">DIBGRB</subfield>
  </datafield>
</record>
